Gaming Quiz

Random Gaming or Pokémon Quiz

Pokemon Gen II Legendaries and Mythicals Quiz Stats

Quiz not verified by Sporcle

Challenge
Share
Tweet
Embed
Score 0/6 Timer 03:00
0 Plays Today
Answer % Correct
Lugia
100%
Ho-oh
100%
Suicune
91.2%
Entei
89.7%
Raikou
89.7%
Celebi
89.7%

You're not logged in!

Compare scores with friends on all Sporcle quizzes.
Join for Free
OR
Log In

You Might Also Like...

Show Comments

Extras

Top Quizzes Today


Score Distribution

Your Account Isn't Verified!

In order to create a playlist on Sporcle, you need to verify the email address you used during registration. Go to your Sporcle Settings to finish the process.

Report this User

Report this user for behavior that violates our Community Guidelines.

Details: